000 01132nam a22003257a 4500
003 CHAP
005 20220329133620.0
008 971013s1994 r 00010 d
010 _a8605
011 _a9577
035 _a8812
040 _cCHAP
090 _aTesis
100 0 0 _aRodríguez Mesa, José Maurilio.
_998698
245 _aEvaluación de cinco variedades comerciales de fresa (Fragaria X ananassa Duch.) y sus progenies en Montecillo, México
260 _aChapingo, Méx. :
_bEl autor,
_c1994
300 _a83 h.
_b: ilus. ; gráfs
502 _aTesis (Ing. Agr. Esp. en Fitotecnia) -- UACH. Departamento de Fitotecnia
590 _aALEPH
_b10
_c20130110
_lUCH01
_h1224
590 _aBATCH-UPD
_b10
_c20130110
_lUCH01
_h1620
590 _aBATCH-UPD
_b10
_c20130410
_lUCH01
_h1014
590 _aBATCH-UPD
_b10
_c20130914
_lUCH01
_h1436
590 _aCONVERSION
_b10
_c20130109
_lUCH01
_h1306
650 1 4 _aFresa
_xGenética.
_943210
650 1 4 _aFresa
_xVariedades.
_943235
901 _aBK
942 _cFOLL
949 _bBC
_cTES
_d-19160
_eTS1
_h26463
_i8812
_mD
_si
949 _bBC
_cTES
_d-19161
_eTS2
_fc.2
_h26464
_i8812
_mD
_si
999 _c8605
_d8605